Pokémon di tipo Elettro - Statistics

Statistiche generali
  • Questo quiz è stato fatto 34 volte
  • Il punteggio medio è 55 su 91
Statistiche sulle risposte
Numero Pokédex Nazionale Tipo Tipo Pokémon % Corretto
25 Elettro Elettro Pikachu
96%
25 Elettro Elettro Pikachu Gigamax
96%
26 Elettro Elettro Raichu
93%
26 Elettro Psico Raichu (Forma di Alola)
93%
181 Elettro Elettro Ampharos
89%
135 Elettro Elettro Jolteon
89%
181 Elettro Drago MegaAmpharos
89%
145 Elettro Volante Zapdos
89%
125 Elettro Elettro Electabuzz
85%
180 Elettro Elettro Flaaffy
85%
74 Roccia Elettro Geodude (Forma di Alola)
85%
76 Roccia Elettro Golem (Forma di Alola)
85%
75 Roccia Elettro Graveler (Forma di Alola)
85%
81 Elettro Acciaio Magnemite
85%
82 Elettro Acciaio Magneton
85%
179 Elettro Elettro Mareep
85%
243 Elettro Elettro Raikou
85%
170 Acqua Elettro Chinchou
81%
239 Elettro Elettro Elekid
81%
171 Acqua Elettro Lanturn
81%
172 Elettro Elettro Pichu
81%
479 Elettro Spettro Rotom (Forma Rotom)
81%
479 Elettro Fuoco Rotom (Rotom Calore)
81%
479 Elettro Ghiaccio Rotom (Rotom Gelo)
81%
479 Elettro Acqua Rotom (Rotom Lavaggio)
81%
479 Elettro Erba Rotom (Rotom Taglio)
81%
479 Elettro Volante Rotom (Rotom Vortice)
81%
644 Drago Elettro Zekrom
78%
466 Elettro Elettro Electivire
74%
493 Elettro Elettro Arceus (Elettro)
70%
309 Elettro Elettro Electrike
70%
101 Elettro Elettro Electrode
70%
101 Elettro Erba Electrode (Forma di Hisui)
70%
404 Elettro Elettro Luxio
70%
405 Elettro Elettro Luxray
70%
310 Elettro Elettro Manectric
70%
310 Elettro Elettro MegaManectric
70%
403 Elettro Elettro Shinx
70%
618 Terra Elettro Stunfisk
70%
602 Elettro Elettro Tynamo
70%
100 Elettro Elettro Voltorb
70%
100 Elettro Erba Voltorb (Forma di Hisui)
70%
596 Coleottero Elettro Galvantula
67%
595 Coleottero Elettro Joltik
67%
312 Elettro Elettro Minun
67%
311 Elettro Elettro Plusle
67%
522 Elettro Elettro Blitzle
63%
702 Elettro Folletto Dedenne
63%
603 Elettro Elettro Eelektrik
63%
604 Elettro Elettro Eelektross
63%
587 Elettro Volante Emolga
63%
462 Elettro Acciaio Magnezone
63%
417 Elettro Elettro Pachirisu
63%
642 Elettro Volante Thundurus (Forma Incarnazione)
63%
642 Elettro Volante Thundurus (Forma Totem)
63%
523 Elettro Elettro Zebstrika
63%
695 Elettro Normale Heliolisk
52%
694 Elettro Normale Helioptile
52%
777 Elettro Acciaio Togedemaru
52%
941 Elettro Volante Kilowattrel
48%
738 Coleottero Elettro Vikavolt
44%
737 Coleottero Elettro Charjabug
41%
741 Elettro Volante Oricorio (Stile Cheerdance)
41%
773 Elettro Elettro Silvally (Elettro)
41%
848 Elettro Veleno Toxel
41%
849 Elettro Veleno Toxtricity (Forma Basso)
41%
849 Elettro Veleno Toxtricity (Forma Melodia)
41%
849 Elettro Veleno Toxtricity Gigamax (Basso)
41%
849 Elettro Veleno Toxtricity Gigamax (Melodia)
41%
940 Elettro Volante Wattrel
41%
836 Elettro Elettro Boltund
37%
1008 Elettro Drago Miraidon
37%
894 Elettro Elettro Regieleki
37%
835 Elettro Elettro Yamper
37%
880 Elettro Drago Dracozolt
33%
877 Elettro Buio Morpeko (Motivo Panciapiena)
33%
877 Elettro Buio Morpeko (Motivo Panciapiena)
33%
922 Elettro Lotta Pawmo
33%
923 Elettro Lotta Pawmot
33%
938 Elettro Elettro Tadbulb
33%
785 Elettro Folletto Tapu Koko
33%
796 Elettro Elettro Xurkitree
33%
881 Elettro Ghiaccio Arctozolt
30%
939 Elettro Elettro Bellibolt
30%
992 Lotta Elettro Manoferrea
30%
921 Elettro Elettro Pawmi
30%
1021 Elettro Drago Furiatonante
26%
807 Elettro Elettro Zeraora
26%
989 Elettro Terra Peldisabbia
22%
995 Roccia Elettro Spineferree
22%
871 Elettro Elettro Pincurchin
19%
Nessun quiz corrispondente trovato
Distribuzione punteggi
Percentuale di utenti per punteggio
Percentile per numero di risposta
I tuoi punteggi nel tempo
Non hai fatto questo quiz